| 000 | 01096nam a22003257a 4500 | ||
|---|---|---|---|
| 003 | CHAP | ||
| 005 | 20220329141436.0 | ||
| 008 | 971013s1982 r 00010 d | ||
| 010 | _a68183 | ||
| 011 | _a69155 | ||
| 035 | _a78630 | ||
| 040 | _cCHAP | ||
| 082 |
_a632 _bH65 |
||
| 110 |
_aHonduras. Ministerio de Recursos Naturales. Proyecto Post-cosecha _956075 |
||
| 245 | _aInforme sobre los primeros resultados | ||
| 260 |
_aTegucigalpa : _bEl Ministerio, _c1982 |
||
| 300 |
_a2 v., apénd. _b: ilus. |
||
| 500 | _a27-66 | ||
| 590 |
_aBATCH-UPD _b10 _c20130110 _lUCH01 _h0759 |
||
| 590 |
_aBATCH-UPD _b10 _c20130410 _lUCH01 _h0438 |
||
| 590 |
_aBATCH-UPD _b10 _c20130914 _lUCH01 _h0748 |
||
| 590 |
_aCONVERSION _b10 _c20130109 _lUCH01 _h1337 |
||
| 650 | 1 | 4 |
_aCereales _xAlmacenamiento _xPlagas. _921378 |
| 650 | 1 | 4 |
_aCosechas _xPérdidas de. _928443 |
| 700 | 0 |
_aBreve, María de los Angeles de. _915270 |
|
| 901 | _aBK | ||
| 942 | _cLIBRO | ||
| 949 |
_a632 H65 _bBC _cLIBRO _d33724000175113 _eLIBRO _fv.1 _h73417 _i78630 _si |
||
| 949 |
_a632 H65 _bBC _cLIBRO _d33724000175121 _eLIBRO _fv.2 _h73418 _i78630 _si |
||
| 999 |
_c68183 _d68183 |
||